| 000 | 00504nam a22001817a 4500 | ||
|---|---|---|---|
| 003 | CEME | ||
| 005 | 20210628203043.0 | ||
| 008 | 210218b xxu||||| |||| 00| 0 eng d | ||
| 020 | _a0-521-78247-3 | ||
| 040 | _c. | ||
| 082 | _a621.47 LAI | ||
| 100 |
_aLaird, Frank N _963047 |
||
| 245 | _aSolar energy, technology policy, and institutional values | ||
| 260 |
_aNEW YORK _bCAMBRIDGE UNIVERSITY PRESS _c2001 |
||
| 300 | _aXVII,247P | ||
| 650 |
_aENERGY POLICY; SOLAR ENERGY _963048 |
||
| 942 |
_cBK _2ddc |
||
| 999 |
_c571990 _d571990 |
||